| 000 | 00425nam a2200133 4500 | ||
|---|---|---|---|
| 005 | 20260325115728.0 | ||
| 008 | 260325b |||||||| |||| 00| 0 eng d | ||
| 020 | _a978-978-49081-3-9 | ||
| 100 | _aYakwo Solomon Dauda | ||
| 245 |
_aAll-inclusive Calculations in Physics for Senior Secondary Schools _c/Solomon Dauda Yakwo |
||
| 260 |
_aAbuja; _bReese Mau Concepts Ltd; _c2010 |
||
| 300 |
_aXIV,465p.ill; _c29cm |
||
| 942 |
_2lcc _n0 _cBK |
||
| 999 |
_c196 _d196 |
||